000 00781nam a2200217 4500
001 117944
003 ES-MaACL
005 20250824222447.0
007 t|
008 070214s1983 sp r ||||1| spa d
100 1 _aPeres, Henri.
_990524
245 1 0 _aEsplendor de Al-Andalus
_b: la poesía andaluza en árabe clásico en el siglo XI : sus aspectos generales, sus principales temas y su valor documental /
_cHenri Peres ; traducción de Mercedes García Arenal.
250 _a2ª. ed.
260 _aMadrid :
_bHiperión,
_c1983.
300 _a553 p. ;
_c24 cm.
490 1 _aLibros hiperión ;
_v61
700 1 _aGarcía-Arenal, Mercedes.
_954180
830 0 0 _aLibros Hiperión
_v61
_9178016
852 _aES-MaACL
_jL-5351
_bR.105909
999 _c117944
_d117944